|
|
|
|
| LEADER |
00000nam0a2200000 4500 |
| 001 |
36067 |
| 005 |
20231031001006.0 |
| 035 |
|
|
|a (RuTPU)RU\TPU\book\36529
|
| 035 |
|
|
|a BOOK00003181
|
| 090 |
|
|
|a 36067
|
| 100 |
|
|
|a 20011210d1972 km y0rusy50 ca
|
| 101 |
0 |
|
|a rus
|
| 102 |
|
|
|a RU
|
| 105 |
|
|
|a y z 000zy
|
| 200 |
1 |
|
|a Физико-химические основы технологии химических волокон
|f А. Б. Пакшвер
|
| 210 |
|
|
|a Москва
|c Химия
|d 1972
|
| 215 |
|
|
|a 431 с.
|
| 610 |
1 |
|
|a химия
|
| 610 |
1 |
|
|a волокна химические
|
| 610 |
1 |
|
|a производство
|
| 610 |
1 |
|
|a физико-химические основы
|
| 610 |
1 |
|
|a растворы
|
| 610 |
1 |
|
|a расплавы
|
| 610 |
1 |
|
|a полимеры
|
| 610 |
1 |
|
|a формование
|
| 610 |
1 |
|
|a отделка
|
| 610 |
1 |
|
|a вытягивание
|
| 610 |
1 |
|
|a термообработка
|
| 610 |
1 |
|
|a крашение
|
| 610 |
1 |
|
|a получение
|
| 675 |
|
|
|a 677.46
|v 3
|
| 700 |
|
1 |
|a Пакшвер
|b А. Б.
|g Александр Бернардович
|
| 801 |
|
0 |
|a RU
|b 63413507
|c 20011210
|g PSBO
|
| 801 |
|
2 |
|a RU
|b 63413507
|c 20201028
|g PSBO
|
| 900 |
|
|
|a Химия и технология пластических масс
|
| 900 |
|
|
|a Технология пластических масс
|
| 900 |
|
|
|a Химическая технология полимеров
|
| 942 |
|
|
|c BK
|